[Event "AUS Masters IM"]
[Site "Melbourne AUS"]
[Date "2013.12.14"]
[Round "1.1"]
[White "Brown, Andrew"]
[Black "Smith, Robert W"]
[Result "1-0"]
[WhiteTitle "IM"]
[BlackTitle "FM"]
[WhiteElo "2245"]
[BlackElo "2238"]
[WhiteFideId "3206513"]
[BlackFideId "4300190"]
[EventDate "2013.12.14"]
[EventType "tourn"]

1. d4 Nf6 2. c4 e6 3. Nf3 Bb4+ 4. Nbd2 b6 5. a3 Bxd2+ 6. Bxd2 Ne4 7. Bf4 d6 8.
g3 Bb7 9. Bg2 Nd7 10. O-O O-O 11. Qc2 f5 12. b4 Qe7 13. Rfd1 e5 14. dxe5 dxe5
15. Bc1 c5 16. Bb2 Rad8 17. e3 g5 18. Ne1 g4 19. Rd3 Ndf6 20. Rad1 Rxd3 21. Qxd3
Rc8 22. b5 Re8 23. a4 Kf7 24. a5 bxa5 25. Qa3 Rd8 26. Qa1 Rxd1 27. Qxd1 Qd7 28.
Nd3 Kg8 29. Bxe5 Qe6 30. Bb2 Nd7 31. Nf4 Qd6 32. Qc2 Ndf6 33. Nd3 a4 34. Be5 Qd8
35. Bb2 a3 36. Bxa3 Qa5 37. Bb2 Nd7 38. Qd1 Qa2 39. Qc1 Qb3 40. Nf4 Nb6 41. Bxe4
Bxe4 42. Qd2 Qxc4 43. Qd8+ Kf7 44. Qf6+ Ke8 45. Ne6 Qc2 46. Qd8+ Kf7 47. Ng5+
Kg6 48. Qf6+ Kh5 49. Qf7+ Kxg5 50. Bf6+ 1-0

[Event "AUS Masters IM"]
[Site "Melbourne AUS"]
[Date "2013.12.14"]
[Round "1.2"]
[White "Zelesco, Karl"]
[Black "Smirnov, Vladimir1"]
[Result "1-0"]
[BlackTitle "IM"]
[WhiteElo "2145"]
[BlackElo "2379"]
[WhiteFideId "3213390"]
[BlackFideId "4126505"]
[EventDate "2013.12.14"]
[EventType "tourn"]

1. e4 c5 2. Nf3 Nc6 3. d4 cxd4 4. Nxd4 Nf6 5. Nc3 e5 6. Ndb5 h6 7. Nd6+ Bxd6 8.
Qxd6 Qe7 9. Qxe7+ Kxe7 10. Be3 d6 11. f3 Be6 12. O-O-O a6 13. g4 b5 14. h4 Rhc8
15. g5 hxg5 16. hxg5 Nd7 17. Nd5+ Bxd5 18. exd5 Nb4 19. Rh2 a5 20. a3 Na6 21.
Bxb5 Nac5 22. Bc6 Rab8 23. f4 Rh8 24. Rdh1 Rxh2 25. Rxh2 exf4 26. Bxf4 Ne5 27.
Re2 f6 28. gxf6+ gxf6 29. b3 Kf7 30. Bxe5 dxe5 31. Kd2 Ke7 32. Kc3 Ne6 33. Kc4
Nd4 34. Rf2 f5 35. c3 Nxc6 36. dxc6 Ke6 37. b4 axb4 38. cxb4 f4 39. Kc5 Kf5 40.
b5 e4 41. c7 Rc8 42. b6 e3 43. Rb2 f3 44. Kd4 e2 45. b7 Rxc7 46. b8=Q Rd7+ 47.
Kc4 e1=Q 48. Rb5+ Ke6 49. Qe8+ Re7 50. Qg6+ Kd7 51. Rb7+ Kd8 52. Qg8+ Re8 53.
Qd5+ Kc8 54. Qd7# 1-0

[Event "AUS Masters IM"]
[Site "Melbourne AUS"]
[Date "2013.12.14"]
[Round "1.3"]
[White "Levi, Eddy"]
[Black "Lee, Wang Sheng"]
[Result "0-1"]
[WhiteTitle "FM"]
[WhiteElo "2146"]
[BlackElo "2254"]
[WhiteFideId "3200183"]
[BlackFideId "5800358"]
[EventDate "2013.12.14"]
[EventType "tourn"]

1. e4 c6 2. d4 d5 3. Nc3 dxe4 4. Nxe4 Bf5 5. Ng3 Bg6 6. h4 h6 7. Nf3 Nd7 8. h5
Bh7 9. Bd3 Bxd3 10. Qxd3 e6 11. Bf4 Qa5+ 12. Bd2 Bb4 13. c3 Be7 14. c4 Qc7 15.
O-O-O Ngf6 16. Ne4 b5 17. cxb5 cxb5+ 18. Kb1 Qb7 19. Nxf6+ Nxf6 20. Rhe1 Rd8 21.
Ne5 O-O 22. g4 Nd7 23. Nf3 Qd5 24. Qe2 Rc8 25. Ne5 Nxe5 26. dxe5 Qc4 27. Qf3 b4
28. Rc1 Qd4 29. Bf4 a5 30. Rcd1 Qc5 31. Rc1 Qb5 32. Qe3 Rfd8 33. Rxc8 Rxc8 34.
g5 hxg5 35. Bxg5 Bxg5 36. Qxg5 Qd3+ 37. Ka1 Qf5 38. Qxf5 exf5 39. Kb1 Kf8 40.
Rc1 Rxc1+ 41. Kxc1 Ke7 42. f4 f6 43. exf6+ Kxf6 44. Kd2 g5 45. Ke3 g4 46. Kf2
Kg7 47. Kg3 Kh6 48. Kh4 a4 49. a3 b3 50. Kg3 Kxh5 0-1

[Event "AUS Masters IM"]
[Site "Melbourne AUS"]
[Date "2013.12.14"]
[Round "1.4"]
[White "Ootes, Lennart"]
[Black "Stojic, Dusan"]
[Result "0-1"]
[BlackTitle "FM"]
[WhiteElo "2147"]
[BlackElo "2246"]
[WhiteFideId "1020986"]
[BlackFideId "3203689"]
[EventDate "2013.12.14"]
[EventType "tourn"]

1. e4 c5 2. Nf3 d6 3. d4 Nf6 4. Nc3 cxd4 5. Nxd4 a6 6. Be2 e5 7. Nb3 Be7 8. Bg5
Be6 9. Qd3 Nbd7 10. O-O-O Qc7 11. h4 Rc8 12. Kb1 b5 13. Nd5 Bxd5 14. exd5 Nb6
15. Bxf6 Bxf6 16. g4 Na4 17. Qe4 Qc3 18. bxc3 Nxc3+ 19. Kb2 Nxe4 20. g5 Bd8 21.
Rhf1 Bb6 22. Bg4 Rc4 23. f4 Nf2 0-1

[Event "AUS Masters IM"]
[Site "Melbourne AUS"]
[Date "2013.12.14"]
[Round "1.5"]
[White "Wallis, Christopher"]
[Black "Rujevic, Mirko"]
[Result "1-0"]
[WhiteTitle "FM"]
[BlackTitle "IM"]
[WhiteElo "2320"]
[BlackElo "2220"]
[WhiteFideId "3204839"]
[BlackFideId "3202437"]
[EventDate "2013.12.14"]
[EventType "tourn"]

1. e4 e5 2. Nf3 Nc6 3. Bb5 a6 4. Bxc6 dxc6 5. Nc3 Bc5 6. d3 Qe7 7. Be3 Bg4 8. h3
Bh5 9. Bxc5 Qxc5 10. g4 Bg6 11. Qd2 Ne7 12. O-O-O O-O-O 13. Nh4 f6 14. f4 exf4
15. Qxf4 Bf7 16. Nf3 Rhf8 17. h4 Be6 18. h5 g5 19. Qg3 h6 20. Kb1 Qd6 21. Qg1 c5
22. Nd2 Nc6 23. Nf1 Ne5 24. Ne3 Qd7 25. Rf1 Kb8 26. Ncd5 Qd6 27. b3 c6 28. Nc3
Qd4 29. Ncd1 a5 30. Nb2 b5 31. Nf5 Bxf5 32. Rxf5 Kb7 33. a4 Kb6 34. Qg2 Rd6 35.
Rhf1 Re8 36. axb5 cxb5 37. Rxf6 Ree6 38. Rf8 Rd8 39. Rxd8 Qxd8 40. Qg1 Qd4 41.
Qg3 a4 42. bxa4 bxa4 43. c3 Qd7 44. Rf5 Qe8 45. Rxe5 1-0

[Event "AUS Masters IM"]
[Site "Melbourne AUS"]
[Date "2013.12.15"]
[Round "2.1"]
[White "Smith, Robert W"]
[Black "Rujevic, Mirko"]
[Result "1-0"]
[WhiteTitle "FM"]
[BlackTitle "IM"]
[WhiteElo "2238"]
[BlackElo "2220"]
[WhiteFideId "4300190"]
[BlackFideId "3202437"]
[EventDate "2013.12.14"]
[EventType "tourn"]

1. e4 e5 2. Nf3 Nc6 3. d4 exd4 4. Bc4 Nf6 5. e5 d5 6. Bb5 Ne4 7. Nxd4 Bd7 8.
Bxc6 bxc6 9. O-O Bc5 10. f3 Ng5 11. f4 Ne4 12. Be3 Qe7 13. Nc3 Nxc3 14. bxc3 O-O
15. Qd2 Bb6 16. a4 a5 17. Nb3 f6 18. Rae1 fxe5 19. Bxb6 cxb6 20. Rxe5 Qf6 21. c4
dxc4 22. Qxd7 cxb3 23. cxb3 Rf7 24. Qd4 Rb8 25. Rfe1 h6 26. g3 b5 27. Re8+ Rxe8
28. Rxe8+ Rf8 29. Qxf6 gxf6 30. Re6 bxa4 31. bxa4 Rc8 32. Rxf6 c5 33. Kf2 c4 34.
Ke2 c3 35. Kd1 Kg7 36. Rd6 Rc4 37. Kc2 Rxa4 38. Kxc3 Ra3+ 39. Kd4 Ra2 40. Ra6 h5
41. Ke5 h4 42. Ra7+ Kg8 43. g4 h3 44. Kf6 Rxh2 45. g5 Rf2 46. Ra8+ 1-0

[Event "AUS Masters IM"]
[Site "Melbourne AUS"]
[Date "2013.12.15"]
[Round "2.2"]
[White "Stojic, Dusan"]
[Black "Wallis, Christopher"]
[Result "1/2-1/2"]
[WhiteTitle "FM"]
[BlackTitle "FM"]
[WhiteElo "2246"]
[BlackElo "2320"]
[WhiteFideId "3203689"]
[BlackFideId "3204839"]
[EventDate "2013.12.14"]
[EventType "tourn"]

1. Nf3 Nf6 2. g3 e6 3. Bg2 d5 4. c4 Be7 5. b3 O-O 6. Bb2 c5 7. cxd5 exd5 8. O-O
Nc6 9. d4 Ne4 10. dxc5 Bxc5 11. Nc3 Nxc3 12. Bxc3 d4 13. Bb2 Bg4 14. Rc1 Bb6 15.
h3 Bh5 16. b4 Nxb4 17. Nxd4 Bxd4 18. Bxd4 Nc6 19. Bc5 Re8 20. Be3 Qc7 21. Rc5
Bg6 22. Qa4 Re6 23. Rfc1 h6 24. Qf4 Qxf4 25. gxf4 Be4 26. f5 Re7 27. f6 gxf6 28.
Bxe4 Rxe4 29. Rb1 Re7 30. Bxh6 Kh7 31. Be3 Ne5 32. Rbc1 a6 33. Kf1 b5 34. Bd4
Nc4 35. Rc2 Kg6 36. a4 Rh8 37. axb5 axb5 38. Kg2 Re4 39. e3 Rh5 40. Rxh5 Kxh5
41. Bxf6 Re6 42. Bd4 Rg6+ 43. Kf3 Rg1 44. Ke4 Kh4 45. Kf5 Kxh3 46. Kf6 Kg4 47.
Kxf7 Kf3 48. Ke6 Rg2 49. Rc3 Nd2 50. Rc5 Rxf2 51. Rxb5 Re2 52. Rf5+ Ke4 53. Re5+
Kd3 54. Rd5 Nf1 55. Bb6+ Kc3 56. Re5 Kd3 57. Rd5+ Kc3 58. Rf5 Nxe3 59. Rf3 Kc4
60. Rxe3 1/2-1/2

[Event "AUS Masters IM"]
[Site "Melbourne AUS"]
[Date "2013.12.15"]
[Round "2.3"]
[White "Lee, Wang Sheng"]
[Black "Ootes, Lennart"]
[Result "1-0"]
[WhiteElo "2254"]
[BlackElo "2147"]
[WhiteFideId "5800358"]
[BlackFideId "1020986"]
[EventDate "2013.12.14"]
[EventType "tourn"]

1. d4 Nf6 2. c4 d6 3. Nc3 e5 4. g3 Nc6 5. Nf3 Be7 6. Bg2 O-O 7. O-O Bg4 8. d5
Nb8 9. h3 Bc8 10. Ne1 a5 11. e4 Na6 12. Nd3 Nd7 13. Kh2 Nac5 14. b3 f5 15. Ba3
Nxe4 16. Nxe4 fxe4 17. Bxe4 Nf6 18. Bg2 Bf5 19. f4 e4 20. Ne1 Qd7 21. Nc2 Rae8
22. Qd2 Bd8 23. Rae1 h5 24. Ne3 b6 25. Bb2 Bg6 26. Bd4 Kh8 27. Rf2 Ng8 28. f5
Bxf5 29. Ref1 Nh6 30. Qe2 Bg6 31. Rxf8+ 1-0

[Event "AUS Masters IM"]
[Site "Melbourne AUS"]
[Date "2013.12.15"]
[Round "2.4"]
[White "Smirnov, Vladimir1"]
[Black "Levi, Eddy"]
[Result "1-0"]
[WhiteTitle "IM"]
[BlackTitle "FM"]
[WhiteElo "2379"]
[BlackElo "2146"]
[WhiteFideId "4126505"]
[BlackFideId "3200183"]
[EventDate "2013.12.14"]
[EventType "tourn"]

1. Nf3 Nc6 2. d4 d5 3. c4 Bg4 4. Nc3 e6 5. Bg5 Be7 6. Bxe7 Ngxe7 7. e3 O-O 8.
Be2 dxc4 9. Bxc4 Nd5 10. Rc1 Nce7 11. O-O c6 12. h3 Bh5 13. Be2 Nc8 14. Ne4 Nd6
15. Nc5 Qe7 16. a3 a5 17. Qc2 Rac8 18. Rfd1 Rfd8 19. Ne5 Bxe2 20. Qxe2 f6 21.
Nc4 Nxc4 22. Qxc4 Kh8 23. Qb3 b5 24. Qc2 a4 25. Qe4 Re8 26. Nd3 Qd6 27. Rc5 Re7
28. Rdc1 Rec7 29. R5c2 Kg8 30. Nc5 Re7 31. Qf3 Kh8 32. Ne4 Qd7 33. Nc3 Nb6 34.
Qg3 Ree8 35. Ne4 e5 36. Rd2 Nc4 37. Rxc4 bxc4 38. dxe5 Qc7 39. Nd6 Red8 40. e6
Kg8 41. e7 Qxe7 42. Nxc8 Rxc8 43. Qg4 f5 44. Qxc4+ Kh8 45. Qxa4 h6 46. Qc4 c5
47. b4 Qa7 48. Rd5 Qxa3 49. Rxc5 Rd8 50. Rc8 Qa1+ 51. Kh2 Qe5+ 52. g3 Rxc8 53.
Qxc8+ Kh7 54. Qc5 Qe4 55. b5 g5 56. Qc7+ Kg6 57. Qc6+ 1-0

[Event "AUS Masters IM"]
[Site "Melbourne AUS"]
[Date "2013.12.15"]
[Round "2.5"]
[White "Brown, Andrew"]
[Black "Zelesco, Karl"]
[Result "0-1"]
[WhiteTitle "IM"]
[WhiteElo "2245"]
[BlackElo "2145"]
[WhiteFideId "3206513"]
[BlackFideId "3213390"]
[EventDate "2013.12.14"]
[EventType "tourn"]

1. d4 Nf6 2. c4 g6 3. Nc3 d5 4. Nf3 Bg7 5. h4 dxc4 6. Bf4 c5 7. d5 Bf5 8. e3 b5
9. Nxb5 Qa5+ 10. Nc3 Nxd5 11. Be5 Nxc3 12. Qd2 O-O 13. Qxc3 Qxc3+ 14. Bxc3 Bxc3+
15. bxc3 Nc6 16. Bxc4 Na5 17. Bd5 Rad8 18. e4 Bc8 19. O-O-O Ba6 20. Ne5 e6 21.
Bb3 Be2 22. Rd2 Rxd2 23. Kxd2 Ba6 24. Rh3 Bf1 25. Rg3 Rb8 26. Kc2 c4 27. Ba4 f6
28. Nd7 Bd3+ 29. Rxd3 cxd3+ 30. Kxd3 Rb2 31. Nxf6+ Kg7 32. Ne8+ Kf8 33. Nc7 Ke7
34. Bc2 Rb6 35. Ba4 Nb7 36. Kd4 Rd6+ 37. Ke3 Nc5 38. Bc2 a6 39. a4 Rc6 40. Na8
Nd7 41. a5 Rxc3+ 42. Kd2 Rc8 43. Nb6 Nxb6 44. axb6 Rb8 45. f4 Rxb6 46. e5 Rb4
47. g3 a5 48. Kc3 Rb6 49. Kd4 a4 50. Kc3 a3 51. Bb3 Rb8 52. Kc2 Rc8+ 53. Kd2 Ra8
54. Ba2 Rb8 55. Kc3 Rb2 0-1

[Event "AUS Masters IM"]
[Site "Melbourne AUS"]
[Date "2013.12.16"]
[Round "3.1"]
[White "Zelesco, Karl"]
[Black "Smith, Robert W"]
[Result "1/2-1/2"]
[BlackTitle "FM"]
[WhiteElo "2145"]
[BlackElo "2238"]
[WhiteFideId "3213390"]
[BlackFideId "4300190"]
[EventDate "2013.12.14"]
[EventType "tourn"]

1. d4 Nf6 2. c4 g6 3. Nc3 Bg7 4. e4 d6 5. f3 O-O 6. Be3 c5 7. Nge2 Qa5 8. Nc1
cxd4 9. Nb3 Qc7 10. Nxd4 Nc6 11. Qd2 Nxd4 12. Bxd4 Be6 13. b3 Qa5 14. Be2 Rfc8
15. Rd1 a6 16. Na4 Qxd2+ 17. Kxd2 Nd7 18. Ke3 Bxd4+ 19. Kxd4 Rc6 20. Rc1 Rac8
21. Nc3 a5 22. Rc2 Nc5 23. Rhc1 Rb6 24. Rb1 f5 25. Rcb2 fxe4 26. fxe4 Rf8 27.
Bf3 Nd7 28. Rf2 Ne5 29. Rbf1 Kg7 30. Nb5 Rc6 31. Ke3 Rcc8 32. Nd4 Bd7 33. Rd1 a4
34. Rb1 axb3 35. axb3 Ra8 36. Rc2 Rfc8 37. Be2 Ra3 38. Nf3 Nc6 39. Nd4 Nb4 40.
Rcb2 Kf7 41. Nc2 Nxc2+ 42. Rxc2 b5 43. Kd4 b4 44. Bd3 e5+ 45. Ke3 Ke7 46. Rd2
Be6 47. Rf2 Rf8 48. Rd2 g5 49. Be2 Rc8 50. Rd3 Rc5 51. Rbd1 Ra6 52. h3 h6 53.
Rh1 Rca5 54. h4 Ra1 55. Rxa1 Rxa1 56. hxg5 hxg5 57. Rd1 Ra3 58. Rd3 Ra2 59. Rd2
Ra1 60. Rd1 Ra3 61. Rd3 Bd7 62. Bd1 Ra2 63. Rd2 Ra1 64. Rd3 Bc6 65. Rd2 Rc1 66.
Rd3 Ra1 67. Rd2 Rb1 68. Kd3 Ra1 69. Ke3 Rc1 70. Rd3 Ra1 71. Rd2 1/2-1/2

[Event "AUS Masters IM"]
[Site "Melbourne AUS"]
[Date "2013.12.16"]
[Round "3.2"]
[White "Levi, Eddy"]
[Black "Brown, Andrew"]
[Result "0-1"]
[WhiteTitle "FM"]
[BlackTitle "IM"]
[WhiteElo "2146"]
[BlackElo "2245"]
[WhiteFideId "3200183"]
[BlackFideId "3206513"]
[EventDate "2013.12.14"]
[EventType "tourn"]

1. e4 c5 2. Nf3 Nc6 3. Bb5 Na5 4. O-O a6 5. Be2 e6 6. d4 cxd4 7. Nxd4 Qc7 8. f4
Nf6 9. e5 Nd5 10. Bf3 d6 11. Bxd5 dxe5 12. fxe5 exd5 13. Nc3 Be6 14. Nxe6 fxe6
15. Qh5+ g6 16. Qh3 Qxe5 17. Bd2 O-O-O 18. Rae1 Bc5+ 19. Be3 d4 20. Bf2 Qf5 21.
g4 Qg5 22. Ne4 Qe5 23. Nxc5 Qxc5 24. c3 Nc6 25. Rxe6 Rhf8 26. cxd4 Qd5 27. Rfe1
Nxd4 28. Qc3+ Nc6 29. Bb6 Rf4 30. Qg3 Rdf8 31. a4 Qc4 32. R6e4 Rf1+ 33. Kg2 Qf7
34. R1e2 Rf3 35. Qe1 Qd5 36. Re8+ Rxe8 37. Rxe8+ Kd7 38. Kg1 Rd3 39. Qe4 Rd1+
40. Kf2 Qf7+ 41. Ke2 Qf1+ 42. Ke3 Re1+ 43. Kd2 Rxe4 0-1

[Event "AUS Masters IM"]
[Site "Melbourne AUS"]
[Date "2013.12.16"]
[Round "3.3"]
[White "Ootes, Lennart"]
[Black "Smirnov, Vladimir1"]
[Result "0-1"]
[BlackTitle "IM"]
[WhiteElo "2147"]
[BlackElo "2379"]
[WhiteFideId "1020986"]
[BlackFideId "4126505"]
[EventDate "2013.12.14"]
[EventType "tourn"]

1. e4 c5 2. Nf3 Nc6 3. d4 cxd4 4. Nxd4 Nf6 5. Nc3 e5 6. Ndb5 h6 7. Nd6+ Bxd6 8.
Qxd6 Qe7 9. Qxe7+ Kxe7 10. Be3 d6 11. f3 Be6 12. O-O-O a6 13. g4 Rac8 14. h4 Na5
15. Kb1 Nc4 16. Bc1 Na3+ 17. bxa3 Rxc3 18. Be2 Nd7 19. Rd2 Rhc8 20. Rhd1 R3c6
21. a4 Nc5 22. Ba3 Nxa4 23. Rxd6 Nc3+ 24. Ka1 Ke8 25. Rxc6 Rxc6 26. Rd2 Bxa2 27.
Bf1 Be6 28. g5 h5 29. Rd6 Rxd6 30. Bxd6 f6 31. Bd3 b5 32. f4 exf4 33. Bxf4 Bc4
34. gxf6 gxf6 35. Be3 Ke7 36. Ba7 Ke6 37. Kb2 Bxd3 38. cxd3 Nxe4 39. dxe4 Ke5
40. Kb3 Kxe4 41. Kb4 f5 42. Ka5 f4 43. Bc5 f3 44. Bf2 Kd3 0-1

[Event "AUS Masters IM"]
[Site "Melbourne AUS"]
[Date "2013.12.16"]
[Round "3.4"]
[White "Wallis, Christopher"]
[Black "Lee, Wang Sheng"]
[Result "1-0"]
[WhiteTitle "FM"]
[WhiteElo "2320"]
[BlackElo "2254"]
[WhiteFideId "3204839"]
[BlackFideId "5800358"]
[EventDate "2013.12.14"]
[EventType "tourn"]

1. d4 d5 2. c4 c6 3. Nc3 Nf6 4. e3 a6 5. Qc2 g6 6. Bd3 Bg7 7. Nf3 O-O 8. O-O b6
9. b3 Bb7 10. Bb2 e6 11. e4 Nbd7 12. e5 Ng4 13. h3 Nh6 14. cxd5 cxd5 15. Bc1 f6
16. exf6 Qxf6 17. Bg5 Qf7 18. Qd2 Nf5 19. Bxf5 Qxf5 20. Bh6 Rfe8 21. Bxg7 Kxg7
22. Rfe1 Qf8 23. Re3 Qd6 24. Rae1 Rac8 25. Qe2 Rc6 26. Na4 Qc7 27. Ng5 Nf8 28.
Qg4 Bc8 29. Qh4 Qd8 30. Rf3 Re7 31. Nf7 1-0

[Event "AUS Masters IM"]
[Site "Melbourne AUS"]
[Date "2013.12.16"]
[Round "3.5"]
[White "Rujevic, Mirko"]
[Black "Stojic, Dusan"]
[Result "0-1"]
[WhiteTitle "IM"]
[BlackTitle "FM"]
[WhiteElo "2220"]
[BlackElo "2246"]
[WhiteFideId "3202437"]
[BlackFideId "3203689"]
[EventDate "2013.12.14"]
[EventType "tourn"]

1. e4 c5 2. Nf3 d6 3. d4 cxd4 4. Nxd4 Nf6 5. Nc3 a6 6. Bg5 Nbd7 7. Be2 e6 8. a4
Be7 9. O-O Nc5 10. Bf3 Qc7 11. Qe2 Rb8 12. Rfe1 h6 13. Bd2 Ncd7 14. g3 Ne5 15.
Bg2 Nc4 16. Bc1 b6 17. b3 Ne5 18. Bb2 Bb7 19. Rad1 g5 20. Na2 h5 21. Nb4 Ra8 22.
Nd3 g4 23. Nf4 h4 24. c4 Rc8 25. Qe3 Qb8 26. Ndxe6 fxe6 27. Bxe5 dxe5 28. Ng6
Rg8 29. Nxe7 Kxe7 30. Qxb6 Qc7 31. Qb4+ Kf7 32. Rd6 h3 33. Rb6 a5 34. Qxa5 Nd7
35. c5 hxg2 0-1

[Event "AUS Masters IM"]
[Site "Melbourne AUS"]
[Date "2013.12.17"]
[Round "4.1"]
[White "Smith, Robert W"]
[Black "Stojic, Dusan"]
[Result "1-0"]
[WhiteTitle "FM"]
[BlackTitle "FM"]
[WhiteElo "2238"]
[BlackElo "2246"]
[WhiteFideId "4300190"]
[BlackFideId "3203689"]
[EventDate "2013.12.14"]
[EventType "tourn"]

1. e4 c5 2. Nf3 d6 3. d4 Nf6 4. Nc3 cxd4 5. Nxd4 a6 6. Bg5 Nbd7 7. Qe2 h6 8. Bh4
e6 9. O-O-O Be7 10. f4 Qc7 11. g4 Nxe4 12. Nxe4 Bxh4 13. Nf5 d5 14. Ned6+ Kf8
15. Rxd5 Qd8 16. Rd1 Bf6 17. Bg2 Qb6 18. c3 Nc5 19. Rhe1 Bd7 20. Nxb7 Rc8 21.
Qe3 Ba4 22. Nfd6 Rc7 23. Nc4 Qb5 24. Na3 Qb6 25. Rd6 Nb3+ 26. Kb1 Qxe3 27. Rxe3
Nc5 28. Nxc5 Rxc5 29. Rxa6 Be8 30. Ra8 Ke7 31. Ra7+ Bd7 32. Rd3 Rd8 33. Nc2 Ke8
34. Nb4 g5 35. fxg5 hxg5 36. h3 Bb5 37. Rxd8+ Bxd8 38. a4 Bc4 39. Bc6+ Kf8 40.
Ra8 Ke7 41. Bf3 Bc7 42. a5 Kf6 43. a6 Bb3 44. Nd3 Ra5 45. Rc8 Bf4 46. Nc5 Ba2+
47. Kc2 Be3 48. b4 Rb5 49. a7 Bd5 50. Bxd5 1-0

[Event "AUS Masters IM"]
[Site "Melbourne AUS"]
[Date "2013.12.17"]
[Round "4.2"]
[White "Lee, Wang Sheng"]
[Black "Rujevic, Mirko"]
[Result "0-1"]
[BlackTitle "IM"]
[WhiteElo "2254"]
[BlackElo "2220"]
[WhiteFideId "5800358"]
[BlackFideId "3202437"]
[EventDate "2013.12.14"]
[EventType "tourn"]

1. d4 d6 2. c4 Nf6 3. Nc3 g6 4. e4 Bg7 5. Nf3 O-O 6. Be2 e5 7. O-O Nc6 8. d5 Ne7
9. Ne1 Nd7 10. Nd3 c5 11. Rb1 a6 12. Bd2 f5 13. f3 Nf6 14. b4 b6 15. bxc5 bxc5
16. Nf2 Bd7 17. Qb3 Nc8 18. Qb7 Ra7 19. Qb8 Rf7 20. Qb2 Nh5 21. g3 Nf6 22. Qc2
Qf8 23. Rb8 Bh6 24. Qc1 Bxd2 25. Qxd2 Kg7 26. exf5 Bxf5 27. Qb2 h5 28. Nce4 Bxe4
29. fxe4 Qd8 30. Bd3 Qd7 31. Qe2 Ne7 32. Kg2 Nh7 33. Qe3 Rb7 34. Rxb7 Qxb7 35.
Rb1 Qc7 36. Qd2 Ng8 37. Bc2 Qd8 38. h4 Ngf6 39. Bd1 Nd7 40. Rb2 Ndf6 41. Ba4 Ng4
42. Nxg4 hxg4 43. Qd1 Nf6 44. Qb1 Qa5 45. Bb3 Qc3 46. Rf2 Qe3 47. Bc2 Nh5 48.
Rxf7+ Kxf7 49. Qb3 Qe2+ 50. Kg1 Kf6 51. Qc3 Kg7 52. Qb3 a5 53. a4 Kh6 54. Qc3 g5
55. hxg5+ Kxg5 56. Qxa5 Qxc2 57. Qd8+ Nf6 58. Qxd6 Qd1+ 59. Kh2 Qe2+ 60. Kg1
Qe1+ 61. Kh2 Qf2+ 62. Kh1 Qf1+ 63. Kh2 Qh3+ 64. Kg1 Qxg3+ 65. Kf1 Nxe4 66. Qe7+
Kf4 67. Qf8+ Ke3 68. Qh6+ Kd3 0-1

[Event "AUS Masters IM"]
[Site "Melbourne AUS"]
[Date "2013.12.17"]
[Round "4.3"]
[White "Smirnov, Vladimir1"]
[Black "Wallis, Christopher"]
[Result "1/2-1/2"]
[WhiteTitle "IM"]
[BlackTitle "FM"]
[WhiteElo "2379"]
[BlackElo "2320"]
[WhiteFideId "4126505"]
[BlackFideId "3204839"]
[EventDate "2013.12.14"]
[EventType "tourn"]

1. d4 Nf6 2. Nf3 d5 3. c4 e6 4. e3 Be7 5. b3 O-O 6. Bb2 c5 7. Bd3 Nc6 8. O-O
cxd4 9. exd4 b6 10. Nbd2 Bb7 11. Rc1 Rc8 12. Qe2 Rc7 13. Rfd1 Qa8 14. Qe3 Rfc8
15. Bf1 Bf8 16. h3 1/2-1/2

[Event "AUS Masters IM"]
[Site "Melbourne AUS"]
[Date "2013.12.17"]
[Round "4.4"]
[White "Brown, Andrew"]
[Black "Ootes, Lennart"]
[Result "1/2-1/2"]
[WhiteTitle "IM"]
[WhiteElo "2245"]
[BlackElo "2147"]
[WhiteFideId "3206513"]
[BlackFideId "1020986"]
[EventDate "2013.12.14"]
[EventType "tourn"]

1. d4 e6 2. c4 Nf6 3. Nf3 d5 4. Nc3 dxc4 5. e4 Bb4 6. e5 Nd5 7. Bd2 Bxc3 8. bxc3
b5 9. a4 c6 10. Qc2 Nd7 11. axb5 cxb5 12. Be2 Bb7 13. O-O h6 14. Ne1 O-O 15. f4
Ne7 16. g4 f5 17. g5 hxg5 18. fxg5 Ng6 19. Bf3 Bxf3 20. Rxf3 Qb6 21. Be3 Qc6 22.
Bf2 Nb6 23. Qd1 Nd5 24. Ng2 Nge7 25. Rh3 g6 26. Qf3 Kg7 27. Rh6 Rh8 28. Rxh8
Kxh8 29. Qh3+ Kg8 30. Qh6 a5 31. h4 Qe8 32. h5 Qf8 33. Qxf8+ Kxf8 34. h6 Nxc3
35. Nf4 Kf7 36. Be1 Ne4 37. h7 Nc6 38. Bxa5 Nxg5 39. d5 exd5 40. e6+ Nxe6 41.
Nxe6 Rh8 42. Bc3 d4 43. Nxd4 b4 44. Nxc6 bxc3 45. Ra7+ Ke6 46. Kf2 g5 47. Ke3
Kf6 48. Rc7 Re8+ 49. Ne7 Kg7 50. Kd4 Kxh7 51. Nxf5+ Kg6 52. Ne7+ Kf6 53. Nd5+
Kf5 54. Rf7+ Kg6 55. Rf6+ Kg7 56. Rf2 Kg6 57. Nxc3 g4 58. Ne4 Rc8 59. Nd6 Rd8
60. Ke5 Ra8 61. Rf6+ Kg7 62. Nf5+ Kg8 63. Kf4 c3 64. Kg5 c2 65. Rc6 Kf7 66. Rxc2
Ke6 67. Rd2 Rg8+ 68. Kf4 g3 69. Rd6+ Kf7 70. Nxg3 Ra8 71. Rh6 Ra1 72. Ne4 Ke7
73. Nc3 Kf7 74. Ke5 Ra5+ 75. Nd5 Ra1 76. Rf6+ Kg7 77. Rb6 Kf7 78. Rb7+ Kg6 79.
Nf4+ Kg5 80. Rg7+ Kh6 81. Rg6+ Kh7 82. Rg4 Kh6 83. Kf6 Ra6+ 84. Ne6 Kh5 85. Rb4
Rd6 86. Ke5 Ra6 87. Kf5 Ra5+ 88. Kf6 Ra6 89. Re4 Rb6 90. Rd4 Ra6 91. Ke5 Ra5+
92. Kf4 Kg6 93. Rd6 Kf6 94. Nc5+ Ke7 95. Re6+ Kf7 96. Rc6 Ra1 97. Ke5 Ra2 98.
Nd3 Ra5+ 99. Kf4 Ke7 100. Rh6 Ra1 101. Nc5 Rc1 102. Re6+ Kf7 103. Rc6 Ra1 104.
Ke5 Ra2 105. Rf6+ Ke7 106. Rf1 Re2+ 107. Ne4 Ra2 108. Nc3 Ra3 109. Nd5+ Kd7 110.
Rf6 Ra1 111. Rd6+ Ke8 112. Nf4 Ke7 113. Nd5+ Kf7 114. Rd7+ Kg6 115. Nf4+ Kg5
116. Rg7+ Kh4 117. Nd5 Kh3 118. Ne3 Ra4 119. Nf1 Ra5+ 120. Kf4 Ra4+ 1/2-1/2

[Event "AUS Masters IM"]
[Site "Melbourne AUS"]
[Date "2013.12.17"]
[Round "4.5"]
[White "Zelesco, Karl"]
[Black "Levi, Eddy"]
[Result "1-0"]
[BlackTitle "FM"]
[WhiteElo "2145"]
[BlackElo "2146"]
[WhiteFideId "3213390"]
[BlackFideId "3200183"]
[EventDate "2013.12.14"]
[EventType "tourn"]

1. d4 f5 2. Bg5 g6 3. h4 Bg7 4. h5 h6 5. Bc1 g5 6. g4 fxg4 7. Bg2 d5 8. c4 dxc4
9. e3 Nf6 10. Qc2 O-O 11. Qxc4+ Kh8 12. Nc3 c6 13. Nge2 Nbd7 14. e4 Nb6 15. Qb3
g3 16. f3 Qe8 17. Bxg5 e5 18. dxe5 Nh7 19. Bf4 Be6 20. Qc2 Rd8 21. Rd1 Nc4 22.
Qc1 Nxe5 23. Bxe5 Bxe5 24. Qxh6 Qe7 25. Qc1 Qc5 26. Rf1 Bc4 27. f4 Bd4 28. Rf3
Bf2+ 29. Kf1 Nf6 30. Bh3 Bd4 31. Bf5 Nxh5 32. Kg2 Kg8 33. Rh1 Bf7 34. Nxg3 Nf6
35. e5 Bxc3 36. Rxc3 Bd5+ 37. Ne4 Qb4 38. Be6+ Bxe6 39. Nxf6+ Rxf6 40. exf6 Bd5+
41. Kh3 Bxh1 42. Qxh1 Kf7 43. Kg4 Rg8+ 44. Kf3 Qf8 45. Qh5+ Kxf6 46. Qe5+ Kf7
47. Rd3 Rg7 48. Qh5+ Kg8 49. Rd2 Qe7 50. Re2 Rh7 51. Qg4+ Qg7 52. Re8+ 1-0